| 000 | 00385pam a2200157 a 4500 | ||
|---|---|---|---|
| 020 | _c | ||
| 041 | _h | ||
| 082 |
_a658.45000000000005 _bSIN |
||
| 100 | _aSinghal, D.D. | ||
| 245 |
_aBusiness Communication And Management _hTextual Documents |
||
| 250 | _a1st ed | ||
| 260 |
_aJaipur _bIndus Valley Publicatios _c2006 |
||
| 300 | _aVII/3205 | ||
| 700 | _aVyas, V.S. | ||
| 930 | _a8377 | ||
| 999 |
_c115204 _d115204 |
||